Words That Rhyme With "Cake" - Statistics

General Stats
  • This quiz has been taken 233 times
  • The average score is 11 of 12
Answer Stats
Hint Answer % Correct
To create make
100%
To heat something in the oven bake
99%
Counterfeit, not real fake
98%
When you ___ up in the morning, you open your eyes and stretch in your bed wake
98%
A body of water smaller than an ocean lake
97%
A reptile that has no legs and slithers around; Can be poisonous snake
97%
A garden tool with teeth at the end used to gather fallen leaves rake
95%
When a glass plate drops out of your hand, you know it's going to ___ break
94%
A continuous pain in your body ache
92%
Often is used as a term for stealing take
89%
A meat that comes from a cow steak
88%
Move an object rapidly back and forth; a melted ice cream treat shake
74%
No matching quizzes found
Score Distribution
Percent of People with Each Score
Percentile by Number Answered
Your Score History
You have not taken this quiz